000 00827nam a22002057a 4500
999 _c56885
_d56885
003 Ge_BSU
005 20190610141616.0
008 190610b1971 ge ||||| |||| 00| 0 geo d
041 _ageo
080 _a744(075.8) ბ-97
100 _aბურჭულაძე, ს.
_92257
245 _aხაზვის კურსი :
_bსახელმძღ. /
_cს. ბურჭულაძე ; რედ. მ. ბასიშვილი, ი. სემიკინა
250 _aმე-3 გამოც.
264 _aთბილისი :
_bგანათლება,
_c1971.
300 _a340 გვ. :
_bილ. ;
_c27 სმ.
653 _aხაზვა
700 _aბასიშვილი, მ.
_eრედაქტორი
_92319
700 _aსემიკინა, ი.
_91337
942 _2udc
_cBK